Music Quiz

Random Music or Artist Quiz

Name the 80s Artists By song Quiz Stats

 Plays Quiz not verified by Sporcle

Challenge
Share
Tweet
Embed
Score 0/20 Timer 05:00
0 Plays Today
Song Artist % Correct
Take On MeA-Ha
85.9%
Where the Streets Have No NameU2
83.5%
Tainted LoveSoft Cell
77.2%
Open ArmsJourney
76.7%
Down UnderMen at Work
76.7%
Heat of the MomentAsia
73.8%
DriveThe Cars
68.9%
She Drive Me CrazyFine Young Cannibals
68.4%
CarsGary Numan
59.7%
Hold On Loosely.38 Special
59.2%
Song Artist % Correct
Kickstart My HeartMotley Crue
58.7%
Ace of SpadesMotorhead
58.3%
CenterfieldJohn Fogerty
58.3%
Train in VainThe Clash
51.9%
LimelightRush
50.5%
Roll With ItSteve Winwood
50%
Radio Free EuropeR.E.M.
46.1%
In Too DeepGenesis
39.8%
UnchainedVan Halen
37.9%
Learning to FlyPink Floyd
36.4%

You're not logged in!

Compare scores with friends on all Sporcle quizzes.
OR
Log In

You Might Also Like...

Show Comments

Extras

Created Nov 29, 2010ReportNominate
Tags:Artist Quiz, Song Quiz, 1980s

Top Quizzes Today


Score Distribution

Your Account Isn't Verified!

In order to create a playlist on Sporcle, you need to verify the email address you used during registration. Go to your Sporcle Settings to finish the process.

Report this User

Report this user for behavior that violates our Community Guidelines.

Details: